Statistiques concernant Trouve les meme

Cliquez ici pour prendre le quiz!

Statistiques générales

  • Ce quiz a été pris 120 fois
  • Le résultat moyen est 4 sur 5

Statistiques - réponses

MêmeRéponse% Correct
Encore sa fait ____________ la non ?Beaucoup
96%
Mais t'es ________ Batiste,mais si je suis très netpas net
96%
Les calculs son pas bon _______Kevin
86%
Est-ce que c'est ___________ vousbon pour
71%
Ouais mais c'est _________ qui décidePas toi
66%

Distribution des résultats

Percentile par nombre de réponses

% des personnes avec chaque résultat

Votre développement - résultats

Vous n’avez pas pris ce quiz